<?xml version="1.0" encoding="UTF-8"?>
<record
    xmlns:xsi="http://www.w3.org/2001/XMLSchema-instance"
    xsi:schemaLocation="http://www.loc.gov/MARC21/slim http://www.loc.gov/standards/marcxml/schema/MARC21slim.xsd"
    xmlns="http://www.loc.gov/MARC21/slim">

  <leader>01559cam a2200337Ia 4500</leader>
  <controlfield tag="001">5366</controlfield>
  <controlfield tag="003">BD-RjUL</controlfield>
  <controlfield tag="005">20211208234044.0</controlfield>
  <controlfield tag="008">160623r19651920nyu f   sb    001 0 eng d</controlfield>
  <datafield tag="035" ind1=" " ind2=" ">
    <subfield code="a">(OCoLC)262627589</subfield>
    <subfield code="a">(BD-RjUL)5402</subfield>
  </datafield>
  <datafield tag="040" ind1=" " ind2=" ">
    <subfield code="a">TGPSM</subfield>
    <subfield code="c">UtOrBLW</subfield>
    <subfield code="b">eng</subfield>
    <subfield code="d">BD-RjUL</subfield>
  </datafield>
  <datafield tag="041" ind1=" " ind2=" ">
    <subfield code="a">eng</subfield>
  </datafield>
  <datafield tag="082" ind1=" " ind2=" ">
    <subfield code="a">331.88</subfield>
    <subfield code="b">WEH 1965</subfield>
  </datafield>
  <datafield tag="091" ind1=" " ind2=" ">
    <subfield code="a">ecol</subfield>
  </datafield>
  <datafield tag="100" ind1="1" ind2=" ">
    <subfield code="a">Webb, Sidney,</subfield>
    <subfield code="d">1859-1947.</subfield>
    <subfield code="9">7713</subfield>
  </datafield>
  <datafield tag="245" ind1="1" ind2="4">
    <subfield code="a">The history of trade unionism /</subfield>
    <subfield code="c"> Sidney and Beatrice Webb.</subfield>
  </datafield>
  <datafield tag="250" ind1=" " ind2=" ">
    <subfield code="a">Reprints of Economic Classics ed.</subfield>
  </datafield>
  <datafield tag="260" ind1=" " ind2=" ">
    <subfield code="a">New York :</subfield>
    <subfield code="b">Augustus M. Kelley,</subfield>
    <subfield code="c">1920 [Impression 1950, Reprint 1965]</subfield>
  </datafield>
  <datafield tag="300" ind1=" " ind2=" ">
    <subfield code="a">xviii, 784 p. :</subfield>
    <subfield code="b">ill. ;</subfield>
    <subfield code="c">21 cm.</subfield>
  </datafield>
  <datafield tag="490" ind1="1" ind2=" ">
    <subfield code="a">The making of the modern world. Part 2 (1851-1914)</subfield>
  </datafield>
  <datafield tag="500" ind1=" " ind2=" ">
    <subfield code="a">Includes index.</subfield>
  </datafield>
  <datafield tag="500" ind1=" " ind2=" ">
    <subfield code="a">Publisher's advertising: 24 p., 3rd count.</subfield>
  </datafield>
  <datafield tag="500" ind1=" " ind2=" ">
    <subfield code="a">Reproduction from the The Goldsmiths' Library of Economic Literature, Senate House Library, University of London.</subfield>
  </datafield>
  <datafield tag="504" ind1=" " ind2=" ">
    <subfield code="a">Includes bibliographical references.</subfield>
  </datafield>
  <datafield tag="506" ind1=" " ind2=" ">
    <subfield code="a">Subscription and registration required for access.</subfield>
  </datafield>
  <datafield tag="650" ind1=" " ind2="0">
    <subfield code="a">Labor unions</subfield>
    <subfield code="z">Great Britain</subfield>
    <subfield code="x">History</subfield>
    <subfield code="y">19th century.</subfield>
    <subfield code="9">16867</subfield>
  </datafield>
  <datafield tag="700" ind1="1" ind2=" ">
    <subfield code="a">Webb, Beatrice, Jt. auth.</subfield>
    <subfield code="d">1858-1943.</subfield>
    <subfield code="9">16869</subfield>
  </datafield>
  <datafield tag="830" ind1=" " ind2="0">
    <subfield code="a">Making of the modern world. Part 2 (1851-1914)</subfield>
    <subfield code="9">133793</subfield>
  </datafield>
  <datafield tag="856" ind1="4" ind2="0">
    <subfield code="u">http://find.galegroup.com/openurl/openurl?url_ver=Z39.88-2004&amp;url_ctx_fmt=info:ofi/fmt:kev:mtx:ctx&amp;res_id=info:sid/gale:MOME&amp;ctx_enc=info:ofi:enc:UTF-8&amp;rft_val_fmt=info:ofi/fmt:kev:mtx:unknown&amp;rft.artnum=U112996393&amp;req_dat=info:sid/gale:ugnid:nla</subfield>
  </datafield>
  <datafield tag="942" ind1=" " ind2=" ">
    <subfield code="2">ddc</subfield>
    <subfield code="c">BK</subfield>
  </datafield>
  <datafield tag="999" ind1=" " ind2=" ">
    <subfield code="c">5366</subfield>
    <subfield code="d">5366</subfield>
  </datafield>
  <datafield tag="952" ind1=" " ind2=" ">
    <subfield code="0">0</subfield>
    <subfield code="1">0</subfield>
    <subfield code="2">ddc</subfield>
    <subfield code="4">0</subfield>
    <subfield code="7">0</subfield>
    <subfield code="8">NFIC</subfield>
    <subfield code="a">RUCL</subfield>
    <subfield code="b">RUCL</subfield>
    <subfield code="c">stack</subfield>
    <subfield code="d">1969-08-16</subfield>
    <subfield code="e">Zeitlinger</subfield>
    <subfield code="g">126.00</subfield>
    <subfield code="l">0</subfield>
    <subfield code="o">331.88 WEH 1965</subfield>
    <subfield code="r">2013-12-26 00:00:00</subfield>
    <subfield code="t">C-5</subfield>
    <subfield code="w">2013-12-26</subfield>
    <subfield code="y">BK</subfield>
  </datafield>
  <datafield tag="952" ind1=" " ind2=" ">
    <subfield code="0">0</subfield>
    <subfield code="1">0</subfield>
    <subfield code="2">ddc</subfield>
    <subfield code="4">0</subfield>
    <subfield code="7">0</subfield>
    <subfield code="8">NFIC</subfield>
    <subfield code="a">RUCL</subfield>
    <subfield code="b">RUCL</subfield>
    <subfield code="c">Stack</subfield>
    <subfield code="d">1969-08-16</subfield>
    <subfield code="e">Zeithlinger</subfield>
    <subfield code="g">126.00</subfield>
    <subfield code="l">0</subfield>
    <subfield code="o">331.88 WEH 1965</subfield>
    <subfield code="r">2016-06-23 00:00:00</subfield>
    <subfield code="t">C-2</subfield>
    <subfield code="w">2016-06-23</subfield>
    <subfield code="y">BK</subfield>
  </datafield>
  <datafield tag="952" ind1=" " ind2=" ">
    <subfield code="0">0</subfield>
    <subfield code="1">0</subfield>
    <subfield code="2">ddc</subfield>
    <subfield code="4">0</subfield>
    <subfield code="7">0</subfield>
    <subfield code="8">NFIC</subfield>
    <subfield code="a">RUCL</subfield>
    <subfield code="b">RUCL</subfield>
    <subfield code="c">Stack</subfield>
    <subfield code="d">1969-08-16</subfield>
    <subfield code="e">Zeitlinger</subfield>
    <subfield code="g">126.00</subfield>
    <subfield code="l">0</subfield>
    <subfield code="o">331.88 WEH 1965</subfield>
    <subfield code="r">2016-09-07 00:00:00</subfield>
    <subfield code="t">C-3</subfield>
    <subfield code="w">2021-12-08</subfield>
    <subfield code="y">BK</subfield>
  </datafield>
  <datafield tag="952" ind1=" " ind2=" ">
    <subfield code="0">0</subfield>
    <subfield code="1">0</subfield>
    <subfield code="2">ddc</subfield>
    <subfield code="4">0</subfield>
    <subfield code="7">1</subfield>
    <subfield code="8">NFIC</subfield>
    <subfield code="a">RUCL</subfield>
    <subfield code="b">RUCL</subfield>
    <subfield code="c">Reading</subfield>
    <subfield code="d">1955-10-22</subfield>
    <subfield code="e">Mukurran pub.</subfield>
    <subfield code="g">20.50</subfield>
    <subfield code="l">0</subfield>
    <subfield code="o">331.88 WEH 1950</subfield>
    <subfield code="r">2016-09-07 00:00:00</subfield>
    <subfield code="t">C-1</subfield>
    <subfield code="w">2021-12-08</subfield>
    <subfield code="y">BK</subfield>
  </datafield>
  <datafield tag="952" ind1=" " ind2=" ">
    <subfield code="0">0</subfield>
    <subfield code="1">0</subfield>
    <subfield code="2">ddc</subfield>
    <subfield code="4">0</subfield>
    <subfield code="7">0</subfield>
    <subfield code="8">NFIC</subfield>
    <subfield code="a">RUCL</subfield>
    <subfield code="b">RUCL</subfield>
    <subfield code="c">Stack</subfield>
    <subfield code="d">1955-10-22</subfield>
    <subfield code="e">Mukurram pub.</subfield>
    <subfield code="g">20.50</subfield>
    <subfield code="l">0</subfield>
    <subfield code="o">331.88 WEH 1950</subfield>
    <subfield code="r">2016-12-22 00:00:00</subfield>
    <subfield code="t">C-4</subfield>
    <subfield code="w">2021-12-08</subfield>
    <subfield code="y">BK</subfield>
  </datafield>
</record>
